000 00524nam a2200181 a 4500
005 20140412111332.0
008 030317s19uu xx 00 eng d
020 _a0-02-181363-9
050 _aTR(GS 371.302
_bA638 1997
100 _aAoki, Elaine Mei
245 _aListen for sounds! /
_cElaine Mei Aoki, et al.
260 _aNew York :
_bMamillan/McGraw-Hill,
_c1997.
300 _a110 p.
440 _aTEacher's planning guide
650 _aEnglish literacy
650 _aTeaching--Aids and devices
999 _c104955
_d104955